000 05048namaa22004451i 4500
003 EG-GICUC
005 20260412112846.0
008 260328s2025 ua a|||frm||| 000 0 eng d
040 _aEG-GICUC
_beng
_cEG-GICUC
_dEG-GICUC
_erda
041 0 _aeng
_beng
_bara
049 _aDeposit
082 0 4 _a615.82
092 _a615.82
_221
097 _aPh.D
099 _aCai01.21.04.Ph.D.2025.Mo.E
100 0 _aMohamed Salem Mohamed Ibrahim,
_epreparation.
245 1 0 _aEffect of cryoliopolysis versus low level laser therapy on postnatal abdominal adiposity /
_cby Mohamed Salem Mohamed Ibrahim ; Supervisors Dr. Hala Mohamed Hanfy Omara, Dr. Hossam Al Din Hussien Kamel, Dr. Mohamed Ahmed Mohamed Awad.
246 1 5 _aتأثير تفتيت الدهون بالتبريد مقابل الليزر منخفض الشدة على سمنة البطن بعد الولاده
264 0 _c2025.
300 _a88 pages :
_billustrations ;
_c25 cm. +
_eCD.
336 _atext
_2rda content
337 _aUnmediated
_2rdamedia
338 _avolume
_2rdacarrier
502 _aThesis (Ph.D)-Cairo University, 2025.
504 _aBibliography: pages 67-77.
520 3 _aThis study was conducted to determine the difference between cryolipolysis and low level laser on postnatal abdominal adiposity. Sixty postnatal women participated in this study from the Outpatient Clinic Physical Therapy Department at Al Mataria Teaching Hospital , Their ages ranges from 35-40 years , BMI ≥30kg/m² and waist hip ratio ≥0.85 they were assigned randomly into two groups equal in number (A,B). Patient of group A received cryolipolysis and low calorie diet, patients of group B received low level laser and low calorie diet. Evaluation pre-post study done by measuring wait hip ratio (tape measurement), abdominal skin fold (body fat caliper), BMI (standard weight- height scale), body fat percentage (bioelectrical impedance analysis). Results showed that there was significant decrease in BMI, waist hip ratio, skin fold thickness and body fat percentage in both group A and B favor to group A. Thus it can be concluded that cryolipolysis is more effective than Low level laser therapy in reducing abdominal adiposity postnatal.
520 3 _aالهدف من البحث: الهدف من هذه الدراسة معرفة تأثير تفتيت الدهون بالتبريد مقابل الليزر المنخفض الشده على سمنة البطن بعد الولاده. مواد و اساليب البحث: أجريت هذه الدراسة على ستون مريضة من الاناث بعد الولادة و قد تم تقسيمهم الى مجموعتين : المجموعة (أ): ثلاثون مريضة تم علاجهن بواسطة تفتيت الدهون بالتبريد جلسه كل ثلاثة اسابيع و لمدة 12 اسبوع بالاضافة الى نظام غذائى منخفض السعرات 1200 سعر حرارى\اليوم. المجموعة (ب): ثلاثون مريضة تم علاجهن بواسطة الليزر المنخفض الشده 2 جلسه فى الاسبوع لمدة 12 اسبوع بالاضافة الى نظام غذائى منخفض السعرات 1200 سعر حرارى\اليوم. الطرق: قياس تناسب الخصر و الورك بالشريط البلاستيكى الدرج , قياس ثنية جلد البطن بممساك الجلد , قياس مؤشر كتلة الجسم باستخدام مقياس الوزن و الطول و قياس نسبة دهون البطن باستخدام جهاز تحيليل المقاومة الكهربائى و ذلك قبل بدء التجربة وتم تكرار القياسات بعد ثلاثة اشهر من العلاج. النتائج: هناك نقص ذات دلالة احصائية عالية فى كتلة الجسم – ثنية البطن – تناسب الخصر و الورك فى المجموعة الاولى و الثانية فى صالح المجموعة (أ). الاستنتاج: يمكن استخلاص ان استخدام تفتيت الدهون بالتبريد له فاعلية فى تقليل سمنه البطن بعد الولادة اكثر من الليزر المنخفض الشده .
530 _aIssues also as CD.
546 _aText in English and abstract in Arabic & English.
650 0 _aPhysical Therapy
650 0 _aالعلاج الطبيعي
653 1 _acryolipolysis
_a low level laser
_aabdominal adiposity
_alow caloric diet
_aتفتيت الدهون بالتبريد
_aالليزر المنخفض الشده
700 0 _aHala Mohamed Hanfy Omara
_ethesis advisor.
700 0 _aHossam Al Din Hussien Kamel
_ethesis advisor.
700 0 _aMohamed Ahmed Mohamed Awad.
_ethesis advisor.
900 _b01-01-2025
_cHala Mohamed Hanfy Omara
_cHossam Al Din Hussien Kamel
_cMohamed Ahmed Mohamed Awad
_UCairo University
_FFaculty of Physical Therapy
_DDepartment of Women’s Health
905 _aShimaa
_eEman Ghareb
942 _2ddc
_cTH
_e21
_n0
999 _c179068